000 04501cam a22007094i 4500
003 PE-LiUPU
005 20250731170452.0
008 150706s2008 ag rb 000 0 spa d
020 _a9875911410
020 _a9789875911413
035 _a(Sirsi) i9789875911413
040 _aPE-LiUPU
_bspa
_cPE-LiUPU
_dPE-LiUPU
_erda
049 _aPRUA
082 0 4 _a155.5
_bA2
_221
082 0 4 _a155.5
_bB25 2008
100 1 _aBarrón, Margarita,
_eautor.
245 1 0 _aAdolescentes incluídos, adolescentes excluídos /
_cMargarita Barrón.
264 1 _aCórdoba :
_bBrujas,
_c2008.
300 _a276 páginas ;
_c24 centímetros.
336 _atext
_2rdacontent
337 _aunmediated
_2rdamedia
338 _avolume
_2rdacarrier
490 0 _aAdolescencia, educación y salud ;
_v3
504 _aBibliografía al final de cada capítulo.
505 0 _aLas diversas caras de la inclusión-exclusión -- Adolescentes incluidos/Adolescentes excluidos. Margarita Barrón -Participación juvenil: una estrategia para la inclusión social de los jóvenes. Griselda Cardozo -- Desafíos identitarios en adolescencias violentadas. Marta Crabay -- Promoviendo el desarrollo en salud -- Mario Eduardo Carbonetti, Mario Julio Carbonetti -- Inclusión. Exclusión. Una aproximación desde la conformación de los circuitos escolares. Raquel Eguillor Arias -- Alimentación, escuela y Sociedad. "Otro desafío". Nelly Barrionuevo -- Niños y adolescentes actores: ¿Es necesario el trabajo en prevención? Silvia Estela Lamarca -- Adolescentes especiales ¿integrados o victimizados? María Cristina Schiavoni -- El desafío de formar multiplicadores para favorecer la inclusión -- Trabajando con la comunidad educativa -- Educación sexual en el aula ¿Hasta cuándo "de eso no se habla"? Carolina Yelicich, Laura Jakob, Margarita Barrón, Elizabeth Gatica -- El trabajo con la comunidad educativa en la prevención del abuso de alcohol. Margarita Barrón, Santos D. Revol, Marcelo A. Carbonetti. Trabajando con alumnos de grado -- Estrategias de trabajo participativo con adolescentes: formando multiplicadores. Margarita Barrón -- ¡Participá! ¡Comete tu ocio! Educación en valores. Amelia Municio del Amo, Mariana Nicolay, Noelia Fontanari, Glenda Carranza -- "Adolescentes, Alcohol y salidas nocturnas: ¿el encuentro antes del des-encuentro? Carola Perea, Ludmila Rinaudo -- Las familias de los adolescentes. Carla Menicuchi, Melisa Sourenian -- Educación popular y salud sexual y reproductiva en los adolescentes del ciclo de especialización: Más vale prevenir y educar. María Alejandra García, Norma Reynoso -- Estrategias participativas sobre sexualidad con Adolescentes. Bengochea, Gonzalo. Fernández, Juan Ignacio. Lo Curto, Florencia. Díaz, Rosane -- Prevención de la violencia escolar. Lucero, Silvana.
526 _aSEG68
526 _aSEG70
526 _aSEG69
526 _aSEG67
526 _aSEG43
526 _aP144
526 _aP143
526 _aP131
526 _aP122
526 _aP120
526 _aP117
526 _aP112
526 _aP110
526 _aP106
526 _aP101
526 _aP80
526 _aP59
526 _aP54
526 _aP35
526 _aP33
526 _aP30
541 _g001-003364;
541 _g0020-0002813;
650 1 4 _aAdolescentes
_xPsicología.
650 2 4 _aJóvenes
_xBebidas alcohólicas.
650 2 4 _aViolencia en jóvenes.
650 2 4 _aResiliencia (rasgo de personalidad) en la adolescencia.
910 _agl20110905
910 _armch
_btqv
_cwelc
_d20170731
942 _2ddc
_cBOOK
949 _a155.5 A2
_wDEWEY
_c1
_i63575
_lCCODEBUL1
_mBUL
_p35.00
_r0
_sY
_tBOOK
_u2015-7-6
_xSALUD
_PP33
_o.STAFF. Colección Ciencias de la Salud
949 _a155.5 B25 2008
_wDEWEY
_c1
_iFJ08295
_lCCODEBUJ1
_mBUJ
_p23.70
_r0
_sY
_tBOOK
_u2017-07-31
_xSALUD
_PP33
_0COMPRA
_o.STAFF. Colección General Juliaca
994 _aC0
_bPEPRU
596 _a1 3
999 _a155.5 A2
_wDEWEY
_c52484
_i63575
_d52484
_e2017-10-6
_f2021-11-3
_g6
_lCCODEBUL1
_mBUL
_n2
_p35.00
_q4
_r0
_sY
_tBOOK
_u2015-7-6
_xSALUD
_zP33
_0COMPRA
_o.STAFF. Colección Ciencias de la Salud
999 _a155.5 B25 2008
_wDEWEY
_c1
_iFJ08295
_d2019-11-13
_e2018-8-29
_f2022-1-17
_g4
_lCCODEBUJ1
_mBUJ
_n3
_p23.70
_q13
_r0
_sY
_tBOOK
_u2017-7-31
_xSALUD
_PP33
_0COMPRA
_o.STAFF. Colección General Juliaca
980 _81
_gALBERTO SANCHEZ Responsable de Automatización